000 00285nam a22001097a 4500
999 _c64937
_d64934
082 _a297
_aن ع م
100 _aعلام شبلی نعمانی رح
245 _aسیرت النبی ص
260 _aنشنل بک فاوندیشن
_bاسلام آناد
300 _a768
942 _cBK